000 00695nas a2200253 4500
001 BR8900879
003 BR-BrBNA
005 20231205091445.0
007 ta
008 230509b bl.|||p| |||| 00| 00por d
040 _aBR-BrBNA
_bpor
_cBiblioteca Nacional de Agricultura
041 _a(Pt)
072 _aH10
100 1 _aAnon.
245 1 _aColeobrocas: prejuizos as fruteiras
650 _aCOLEOBROCA
650 _aFRUTA
650 _aCONTROLE QUIMICO
650 _aCONTROLE MECANICO
650 _aCONTROLE CULTURAL
773 0 _tToda Fruta (Brazil)
_xISSN 0102-7166
_g(Jul 1987), v. 2(14) p. 18-19
_wBR8900879
909 _a202311
_bLúcia
_c55
_dLúcia Elande
942 _2AGRIS
_n0
_cANA
999 _c125214
_d125214